Stochastic Modelling and Analysis <A> Computational Approach

Enregistré dans:
Détails bibliographiques
Auteur principal: Tijms, Henk C.
Format: Livre
Langue:anglais
Publié: Chichester Wiley 1986
Édition:1. ed.
Tags: Ajouter un tag
Pas de tags, Soyez le premier à ajouter un tag!

MARC

LEADER 00000nam a2200000 4500
001 c034702
005 20221220072925.1
041 0 |a eng 
044 |a SK 
245 1 0 |a Stochastic Modelling and Analysis  |b <A> Computational Approach  |c Henk C. Tijms 
250 |a 1. ed. 
264 1 |a Chichester  |b Wiley  |c 1986 
300 |a 418 s. 
100 1 |a Tijms, Henk C.